Summary and country tables (Record no. 36199)
[ view plain ]
| 000 -LEADER | |
|---|---|
| fixed length control field | 01238nam a2200313 a 4500 |
| 245 00 - TITLE STATEMENT | |
| Title | Summary and country tables |
| 260 ## - PUBLICATION, DISTRIBUTION, ETC. (IMPRINT) | |
| Place of publication | Washington, D.C. : |
| Name of publisher | World Bank, |
| Year of publication | 2008. |
| 300 ## - PHYSICAL DESCRIPTION | |
| Number of Pages | xxx, 431 p. : |
| Other physical details | ill. |
| 490 0# - SERIES STATEMENT | |
| Series statement | Global development finance 2008 : the role of international banking, |
| 650 #0 - SUBJECT ADDED ENTRY--TOPICAL TERM | |
| Topical Term | Debts, External |
| Topical Term | Finance |
| Topical Term | International finance. |
| 856 40 - ELECTRONIC LOCATION AND ACCESS | |
| Uniform Resource Identifier | http://site.ebrary.com/lib/rucke/Doc?id=10246338 |
No items available.
